Атлас литогенетических типов угленосных отложений Алдано-Чульманского района Южно-Якутского каменно-угольного бассейна

Bibliographische Detailangaben
Körperschaft: Академия наук СССР Сибирское отделение Якутский филиал Институт геологии
Weitere Verfasser: Александров А. В. (редактор)
Sprache:Russisch
Veröffentlicht: Москва, Наука, 1970
Schlagworte:
Format: Buch
KOHA link:https://koha.lib.tpu.ru/cgi-bin/koha/opac-detail.pl?biblionumber=55336

MARC

LEADER 00000nam0a2200000 4500
001 55336
005 20231101211535.0
035 |a (RuTPU)RU\TPU\book\58081 
090 |a 55336 
100 |a 20030912d1970 k y0rusy50 ca 
101 0 |a rus 
102 |a RU 
105 |a a z 001zy 
200 1 |a Атлас литогенетических типов угленосных отложений Алдано-Чульманского района Южно-Якутского каменно-угольного бассейна  |f Академия Наук СССР; Якутский филиал Сибирского отделения ; Институт геологии; Под ред. А. В. Александрова 
210 |a Москва  |c Наука  |d 1970 
215 |a 226 с.  |c ил. 
320 |a Библиогр.: с. 79-80. 
606 |a Угленосные отложения  |2 stltpush  |3 (RuTPU)RU\TPU\subj\62364  |9 79444 
610 1 |a литогенез 
610 1 |a угольные бассейны 
610 1 |a атласы 
610 1 |a региональная геология 
675 |a 552.57(084)  |v 3 
702 1 |a Александров  |b А. В.  |4 340 
712 0 2 |a Академия наук СССР  |b Сибирское отделение  |b Якутский филиал  |b Институт геологии  |c (Якутск)  |2 stltpush  |3 (RuTPU)RU\TPU\col\8181  |9 24491 
801 1 |a RU  |b 63413507  |c 20030912  |g PSBO 
801 2 |a RU  |b 63413507  |c 20180215  |g PSBO 
942 |c BK